Media ethics : (Record no. 3443)
[ view plain ]
| 000 -LEADER | |
|---|---|
| fixed length control field | 00950fam a2200289 a 4500 |
| 001 - CONTROL NUMBER | |
| control field | 1441063 |
| 003 - CONTROL NUMBER IDENTIFIER | |
| control field | OSt |
| 005 - DATE AND TIME OF LATEST TRANSACTION | |
| control field | 20180117090006.0 |
| 008 - FIXED-LENGTH DATA ELEMENTS--GENERAL INFORMATION | |
| fixed length control field | 900413s1994 iaua b 000 0 eng |
| 020 ## - INTERNATIONAL STANDARD BOOK NUMBER | |
| International Standard Book Number | 0697170993 |
| 035 ## - SYSTEM CONTROL NUMBER | |
| System control number | (OCoLC)502590756 |
| 035 ## - SYSTEM CONTROL NUMBER | |
| System control number | (OCoLC)ocn502590756 |
| 035 ## - SYSTEM CONTROL NUMBER | |
| System control number | (NNC)1441063 |
| 040 ## - CATALOGING SOURCE | |
| Transcribing agency | NMC |
| 050 #4 - LIBRARY OF CONGRESS CALL NUMBER | |
| Classification number | P94 |
| Item number | .M36 1994g |
| 245 00 - TITLE STATEMENT | |
| Title | Media ethics : |
| Remainder of title | issues and cases / |
| Statement of responsibility, etc. | [edited by] Philip Patterson, Lee Wilkins. |
| 260 ## - PUBLICATION, DISTRIBUTION, ETC. | |
| Place of publication, distribution, etc. | Dubuque, IA : |
| Name of publisher, distributor, etc. | Wm. C. Brown, |
| Date of publication, distribution, etc. | c1994. |
| 300 ## - PHYSICAL DESCRIPTION | |
| Extent | xx, 280 p. : |
| Other physical details | ill. ; |
| Dimensions | 23 cm. |
| 500 ## - GENERAL NOTE | |
| General note | 2nd ed. |
| 504 ## - BIBLIOGRAPHY, ETC. NOTE | |
| Bibliography, etc. note | Includes bibliographical references (p. 271-275) and index. |
| 650 #0 - SUBJECT ADDED ENTRY--TOPICAL TERM | |
| Topical term or geographic name entry element | Mass media |
| General subdivision | Moral and ethical aspects. |
| 700 1# - ADDED ENTRY--PERSONAL NAME | |
| Personal name | Patterson, Philip. |
| 700 1# - ADDED ENTRY--PERSONAL NAME | |
| Personal name | Wilkins, Lee. |
| 942 ## - ADDED ENTRY ELEMENTS (KOHA) | |
| Source of classification or shelving scheme | |
| Koha item type | Book |
| Withdrawn status | Lost status | Source of classification or shelving scheme | Damaged status | Not for loan | Collection code | Permanent Location | Current Location | Shelving location | Date acquired | Total Checkouts | Full call number | Barcode | Date last seen | Price effective from | Koha item type |
|---|---|---|---|---|---|---|---|---|---|---|---|---|---|---|---|
| Central Library (CL) | Central Library (CL) | General Stacks | 06/24/2016 | 175 PAT | S3H-S-806 | 06/24/2016 | 06/24/2016 | Book |
